Digital Built Britain (Record no. 115383)
[ view plain ]
| 000 -LEADER | |
|---|---|
| fixed length control field | 01505cai a22002535a 4500 |
| 001 - CONTROL NUMBER | |
| control field | L158560 |
| 008 - FIXED-LENGTH DATA ELEMENTS--GENERAL INFORMATION | |
| fixed length control field | 120329s2015 xxk f 000 0 eng d |
| 035 ## - SYSTEM CONTROL NUMBER | |
| System control number | (Sirsi) u158560 |
| 041 0# - LANGUAGE CODE | |
| Language code of text/sound track or separate title | eng |
| 110 2# - MAIN ENTRY--CORPORATE NAME | |
| Corporate name or jurisdiction name as entry element | United Kingdom |
| Subordinate unit | Cabinet Office |
| 9 (RLIN) | 5270 |
| 245 00 - TITLE STATEMENT | |
| Title | Digital Built Britain |
| Remainder of title | Level 3 Building Information Modelling - strategic plan |
| Medium | [electronic resource] |
| 260 ## - PUBLICATION, DISTRIBUTION, ETC. | |
| Place of publication, distribution, etc. | London |
| Name of publisher, distributor, etc. | CO |
| Date of publication, distribution, etc. | 2015 |
| 520 ## - SUMMARY, ETC. | |
| Summary, etc. | Takes the next step in integrating BIM technologies, transforming government approaches to infrastructure development and construction and consolidating the UK?s position as a world leader in these sectors. Government wants to make fully computerized construction the norm and ensure that the benefits of these technologies are felt across the UK and support the export of these technologies and the services based on them. To sell the expertise and the cutting edge technologies across the world and seize a share of the $15trillion global construction market forecast by 2025. |
| 590 ## - LOCAL NOTE (RLIN) | |
| Local note | KA NTK |
| 590 ## - LOCAL NOTE (RLIN) | |
| Local note | BIM Level 3 |
| 650 24 - SUBJECT ADDED ENTRY--TOPICAL TERM | |
| Topical term or geographic name entry element | BUILDING INFORMATION MODELLING |
| 650 24 - SUBJECT ADDED ENTRY--TOPICAL TERM | |
| Topical term or geographic name entry element | BIM |
| 9 (RLIN) | 6219 |
| 651 #4 - SUBJECT ADDED ENTRY--GEOGRAPHIC NAME | |
| Geographic name | United Kingdom |
| Chronological subdivision | |
| 690 ## - LOCAL SUBJECT ADDED ENTRY--TOPICAL TERM (OCLC, RLIN) | |
| Topical term or geographic name as entry element | BIM |
| 9 (RLIN) | 6219 |
| 710 1# - ADDED ENTRY--CORPORATE NAME | |
| Corporate name or jurisdiction name as entry element | United Kingdom |
| Subordinate unit | Department for Business, Innovation and Skills |
| 9 (RLIN) | 5760 |
| 710 1# - ADDED ENTRY--CORPORATE NAME | |
| Corporate name or jurisdiction name as entry element | University College London |
| 9 (RLIN) | 3552 |
| 856 40 - ELECTRONIC LOCATION AND ACCESS | |
| Uniform Resource Identifier | <a href="https://www.gov.uk/government/uploads/system/uploads/attachment_data/file/410096/bis-15-155-digital-built-britain-level-3-strategy.pdf">https://www.gov.uk/government/uploads/system/uploads/attachment_data/file/410096/bis-15-155-digital-built-britain-level-3-strategy.pdf</a> |
| Public note | View the draft workflow at www.gov.uk |
| 942 ## - ADDED ENTRY ELEMENTS (KOHA) | |
| Suppress in OPAC | 0 |
| Withdrawn status | Lost status | Source of classification or shelving scheme | Damaged status | Not for loan | Home library | Current library | Shelving location | Date acquired | Total Checkouts | Full call number | Barcode | Date last seen | Copy number | Price effective from | Koha item type |
|---|---|---|---|---|---|---|---|---|---|---|---|---|---|---|---|
| Dewey Decimal Classification | Virtual | Virtual | Online | 27/04/2015 | ONLINE PUBLICATION | 158560-2001 | 06/08/2019 | 1 | 06/08/2019 | Book |